000 00898nam a2200229Ii 4500
003 JO-AjNU
008 230605s9999||||xx |||||||||||||| ||und||
017 _a2013/10/3795
020 _a978-9957-92-064-7
040 _aJO-AjNU
_bara
_erda
_cJO-AjNU
041 _aara
050 1 4 _aHG4515.15.A29.2014
100 3 _aتاليف Richard Deaves، م.مشارك Ackert, Lucy F؛ ترجمة محمد داود عثمان,
_eauthor
_964013
245 0 0 _aالمالية السلوكية: علم النفس - صناعة القرار - والاسواق
250 _aط1
264 3 1 _aعمان: دار الفكر ناشرون وموزعون، 2014
300 _a528ص
_bيحتوي على جدول مصطلحات
336 _atext
_btxt
_2rdacontent
337 _aunmediated
_bn
_2rdamedia
338 _avolume
_bnc
_2rdacarrier
650 4 _aادارة الاعمال-اتخاذ القرارات
_964014
999 _aA29065
_c32633
_d32633